000 00860nab a22001937a 4500
999 _c5285
_d5285
003 OSt
005 20250214080338.0
008 190604e xxu||||| |||| 00| 0 spa d
040 _cPJ
245 1 3 _aLas leyes, ¿son todas ambiguas? /
_cJulio Chiappini.
260 _aCiudad Autónoma de Buenos Aires :
_bThomson Reuters La Ley,
_c2025.
300 _ap. 211-216
500 _aCita Online: TR LALEY AR/DOC/1900/2024
505 _aSumario: I. Sí.— II. No.— III. ¿Interpretaciones prohibidas?— IV. Excurso: la tesis de Umberto Eco.
505 _t¿Te interesa el texto completo? Solicitalo al correo: koha@justierradelfuego.gov.ar
650 0 _aINTERPRETACION DE LA LEY
_93533
773 0 _02714
_93171
_dCiudad Autónoma de Buenos Aires : Thomson Reuters La Ley, 2014-
_tRevista anales de legislación argentina. Nº 1 - Enero 2025.
942 _2udc
_cANA